| 000 | 00836nam a22002417a 4500 | ||
|---|---|---|---|
| 001 | 60203 | ||
| 003 | BD-RjUL | ||
| 005 | 20211209080820.0 | ||
| 008 | 161229s2001 bg ||||| |||| 00| 0 ben d | ||
| 020 | _c: TK 150.00 | ||
| 035 | _a(BD-RjUL)60327 | ||
| 040 |
_aBD-RjUL _bben _cBD-RjUL |
||
| 041 | _aben | ||
| 082 |
_223 _a343.0946 _bRAM 2001 |
||
| 100 |
_aরহমান, গাজী শমছুর _9144407 |
||
| 245 | 1 | 0 |
_aমোটরযান আইন / _cগাজী শমছুর রহমান |
| 250 | _a৪র্থ সং. | ||
| 260 |
_aঢাকা : _bকামরুল বুক, _c২০০৩ |
||
| 300 |
_a[১৬], ১৬৪ পৃ. : _bচিত্র ; _c২১ সেমি. |
||
| 650 |
_aAutomobile law _9144408 |
||
| 650 |
_aমোটরগাড়ি আইন _9144409 |
||
| 942 |
_2ddc _cBK |
||
| 999 |
_c60203 _d60203 |
||